Heat transfer (Record no. 3641)

000 -LEADER
fixed length control field 00564nam a2200229 a 4500
001 - CONTROL NUMBER
control field 3641
003 - CONTROL NUMBER IDENTIFIER
control field BD-DhUET
008 - FIXED-LENGTH DATA ELEMENTS--GENERAL INFORMATION
fixed length control field 960506s1997 nyua b 001 0 eng
020 ## - INTERNATIONAL STANDARD BOOK NUMBER
International Standard Book Number 0071143203
020 ## - INTERNATIONAL STANDARD BOOK NUMBER
International Standard Book Number 0078447852
040 ## - CATALOGING SOURCE
Original cataloging agency DLC
Transcribing agency DLC
Modifying agency BD-DhUET
082 00 - DEWEY DECIMAL CLASSIFICATION NUMBER
Classification number 621.011
Item number HOL/1997
100 1# - MAIN ENTRY--PERSONAL NAME
Personal name Holman, J. P.
245 10 - TITLE STATEMENT
Title Heat transfer
250 ## - EDITION STATEMENT
Edition statement 8th ed.
260 ## - PUBLICATION, DISTRIBUTION, ETC. (IMPRINT)
Place of publication, distribution, etc. New York
Name of publisher, distributor, etc. McGraw-Hill
Date of publication, distribution, etc. 1997
300 ## - PHYSICAL DESCRIPTION
Extent xviii, 696 p.
Other physical details ill.
490 ## - SERIES STATEMENT
Series statement Schaum's outline series
504 ## - BIBLIOGRAPHY, ETC. NOTE
Bibliography, etc Includes bibliographies
650 #0 - SUBJECT ADDED ENTRY--TOPICAL TERM
Topical term or geographic name as entry element Heat transfer
942 ## - ADDED ENTRY ELEMENTS (KOHA)
Koha item type General Book
Holdings
Source of classification or shelving scheme Damaged status Withdrawn status Koha item type Koha issues (times borrowed) Koha out on loan Koha normalized classification for sorting Date acquired Not for loan Koha date last borrowed Price effective from Shelving location Koha date last seen Piece designation (barcode) Sublocation or collection (holding branch) Location (home branch) Lost status Copy number Koha full call number
   General Book32025-05-11621_011000000000000_HOL_19972014-11-03 2025-04-272014-11-03Circulation section2025-04-2792450Central Library, BUETCentral Library, BUET 1621.011/HOL/1997
   General Book  621_011000000000000_HOL_19972014-11-03  2014-11-03Circulation section2014-11-0392452Central Library, BUETCentral Library, BUET 2621.011/HOL/1997
   General Book  621_000000000000000_011HOL19972014-11-03  2014-11-03Circulation section2016-07-3092453Central Library, BUETCentral Library, BUET 3621.011/HOL/1997
   General Book1 621_000000000000000_011HOL19972014-11-03 2022-01-092014-11-03Circulation section2022-06-0892454Central Library, BUETCentral Library, BUET 4621.011/HOL/1997
   General Book2 621_000000000000000_011HOL19972014-11-03 2024-10-022014-11-03Circulation section2024-10-2892455Central Library, BUETCentral Library, BUET 5621.011/HOL/1997
   General Book3 621_000000000000000_011HOL19972014-11-03 2023-12-102014-11-03Circulation section2024-08-3192457Central Library, BUETCentral Library, BUET 6621.011/HOL/1997
   General Book  621_000000000000000_011HOL19972014-11-03  2014-11-03Circulation section2014-11-0392459Central Library, BUETCentral Library, BUET 7621.011/HOL/1997
   General Book1 621_011000000000000_HOL_19972014-11-03 2024-03-122014-11-03Circulation section2024-08-2892460Central Library, BUETCentral Library, BUET 8621.011/HOL/1997
   General Book1 621_000000000000000_011HOL19972014-11-03 2024-04-082014-11-03Circulation section2024-06-2292461Central Library, BUETCentral Library, BUET 9621.011/HOL/1997
   General Book5 621_000000000000000_011HOL19972014-11-03 2024-12-102014-11-03Circulation section2025-03-1292462Central Library, BUETCentral Library, BUET 10621.011/HOL/1997
   General Book1 621_000000000000000_011HOL19972014-11-03 2015-03-042014-11-03Circulation section2017-05-0392464Central Library, BUETCentral Library, BUET 11621.011/HOL/1997
   General Book3 621_000000000000000_011HOL19972014-11-03 2019-06-172014-11-03Circulation section2019-07-1092465Central Library, BUETCentral Library, BUET 12621.011/HOL/1997
   General Book3 621_000000000000000_011HOL19972014-11-03 2022-05-242014-11-03Circulation section2022-06-0892466Central Library, BUETCentral Library, BUET 13621.011/HOL/1997
   General Book  621_011000000000000_HOL_19972015-04-12  2015-04-12Circulation section2015-04-1292468Central Library, BUETCentral Library, BUET 14621.011 HOL/1997
   Reading Item  621_011000000000000_HOL_19972015-07-02  2015-07-02Reading section2015-07-0292447Central Library, BUETCentral Library, BUET 15621.011/HOL/1997
   Reading Item  621_011000000000000_HOL_19972015-07-09  2015-07-09Reading section2015-07-0992446Central Library, BUETCentral Library, BUET 16621.011/HOL/1997